00230nam a2200097Ia 4500008004100000100001500041245002400056260002800080942000700108999001700115190216s9999||||xx |||||||||||||| ||und|| aPrabhakarn 0aBoudika Preshnavali bKerala Bhasha Institute cBK c37604d37604